| 000 | 00406nam a22001577a 4500 | ||
|---|---|---|---|
| 005 | 20160519155307.0 | ||
| 008 | 160519b xxu||||| |||| 00| 0 eng d | ||
| 041 | _aeng | ||
| 082 | _b3319 | ||
| 100 |
_aChawla _9720 |
||
| 245 | _aA Text book of Engineering Chemistry | ||
| 260 |
_aNew Delhi _bDhanpat Rai Publising Co. Pvt. Ltd. _c2001 |
||
| 300 | _a24 | ||
| 650 |
_aDIPLOMA ENGINEERING _9817 |
||
| 942 | _cBK | ||
| 999 |
_c1133 _d1133 |
||